00262nam a2200097Ia 4500008004000000082001800040100001500058245004600073260003700119300000800156210210b1972 xxu||||| |||| 00| 0 eng d a306.0954 SINR aSINGH (K). aRefresher course in Indian social system. aLucknowbPrakashan Kendra.c1972 a388